Countries By Emoji - Statistics

General Stats
  • This quiz has been taken 5 times
  • The average score is 13 of 15
Answer Stats
Hint Answer % Correct
๐Ÿ‡จ๐Ÿ‡ณ China
100%
๐Ÿ‡ฒ๐Ÿ‡ฟ Mozambique
100%
๐Ÿ‡ณ๐Ÿ‡ฟ New Zealand
100%
๐Ÿ‡ท๐Ÿ‡บ Russia
100%
๐Ÿ‡ฟ๐Ÿ‡ฆ South Africa
100%
๐Ÿ‡น๐Ÿ‡ท Turkey
100%
๐Ÿ‡บ๐Ÿ‡ฒ United States
100%
๐Ÿ‡พ๐Ÿ‡ช Yemen
100%
๐Ÿ‡ธ๐Ÿ‡ฏ Norway
80%
๐Ÿ‡ต๐Ÿ‡ฐ Pakistan
80%
๐Ÿ‡ธ๐Ÿ‡ฆ Saudi Arabia
80%
๐Ÿ‡บ๐Ÿ‡ฆ Ukraine
80%
๐Ÿ‡ง๐Ÿ‡ฉ Bangladesh
60%
๐Ÿ‡ง๐Ÿ‡พ Belarus
60%
๐Ÿ‡ฎ๐Ÿ‡ท Iran
60%
No matching quizzes found
Score Distribution
Percent of People with Each Score
Percentile by Number Answered
Your Score History
You have not taken this quiz